000 00321nam a22001217a 4500
008 180601b xxu||||| |||| 00| 0 eng d
041 _aeng
080 _a043.3
100 _a0
101 _aSHKI-MTH
245 _aImplementimi i protokolleve repudante në shtresë e tretë të modelit OSI
_cMaxhuni,Sh
942 _2udc
_cBK
999 _c46246
_d46246